| Tag |
First Indicator |
Second Indicator |
Subfields |
| LEADER |
00000cas a2200000 a 4500 |
| 001 |
in00001288621 |
| 005 |
20151005050351.0 |
| 008 |
790411c19509999xv x m 0 0slv |
| 010 |
|
|
|z 59030312 //r
|
| 019 |
|
|
|a 09733807
|
| 022 |
|
|
|a 0560-2920
|
| 035 |
|
|
|a (OCoLC)04847139
|
| 035 |
|
|
|9 AHA1909AM
|
| 040 |
|
|
|a DLC
|c KSU
|d IUL
|d OCL
|d YUS
|d MUL
|d AIP
|d OCL
|d IUL
|d UtOrBLW
|
| 041 |
0 |
|
|a slv
|b eng
|b fre
|
| 049 |
|
|
|a TXAE
|
| 050 |
0 |
0 |
|a PG6
|b .S64
|
| 130 |
0 |
|
|a Razprave (Slovenska akademija znanosti in umetnosti. Razred za filološke in literarne vede)
|
| 245 |
1 |
0 |
|a Razprave /
|c Slovenska akademija znanosti in umetnosti, Razred za filološke in literarne vede = Dissertationes / Academia Scientiarum et Artium Slovenica, Classis II: Philologia et Litterae.
|
| 246 |
1 |
0 |
|a Dissertationes
|
| 264 |
|
1 |
|a Ljubljana :
|b Razred,
|c 1950-
|
| 300 |
|
|
|a volumes ;
|c 25 cm.
|
| 310 |
|
|
|a Irregular
|
| 336 |
|
|
|a text
|b txt
|2 rdacontent
|
| 337 |
|
|
|a unmediated
|b n
|2 rdamedia
|
| 338 |
|
|
|a volume
|b nc
|2 rdacarrier
|
| 362 |
0 |
|
|a 1-
|
| 500 |
|
|
|a Evans description based on: 11 (1987).
|
| 500 |
|
|
|a Title from cover.
|
| 510 |
2 |
|
|a MLA international bibliography of books and articles on the modern languages and literatures (Complete edition)
|x 0024-8215
|
| 546 |
|
|
|a Summaries in English or French.
|
| 650 |
|
0 |
|a Slavic philology.
|
| 650 |
|
0 |
|a Philology.
|
| 710 |
2 |
|
|a Slovenska akademija znanosti in umetnosti.
|b Razred za filološke in literarne vede.
|
| 948 |
|
|
|a Inactive Gift.
|
| 999 |
|
|
|a MARS
|
| 999 |
f |
f |
|s 319cbc78-fe16-3eed-aada-d9543a5b7a79
|i fd8196ee-73b2-36a5-ab31-fa59f8fd8a02
|t 0
|
| 952 |
f |
f |
|p serial
|a Texas A&M University
|b College Station
|c Sterling C. Evans Library
|d Evans: Library Stacks
|t 0
|e PG6 .S64
|h Library of Congress classification
|i unmediated -- volume
|k 15
|l 1996
|m A14828060869
|
| 952 |
f |
f |
|p normal
|a Texas A&M University
|b College Station
|c Sterling C. Evans Library
|d Evans: Library Stacks
|t 0
|e PG6 .S64
|h Library of Congress classification
|i unmediated -- volume
|k 13
|l 1990
|m A14819865032
|
| 952 |
f |
f |
|p normal
|a Texas A&M University
|b College Station
|c Sterling C. Evans Library
|d Evans: Library Stacks
|t 0
|e PG6 .S64
|h Library of Congress classification
|i unmediated -- volume
|k 12
|l 1989
|m A14819864989
|
| 952 |
f |
f |
|p normal
|a Texas A&M University
|b College Station
|c Sterling C. Evans Library
|d Evans: Library Stacks
|t 0
|e PG6 .S64
|h Library of Congress classification
|i unmediated -- volume
|k 11
|l 1987
|m A14819864939
|
| 952 |
f |
f |
|p normal
|a Texas A&M University
|b College Station
|c Sterling C. Evans Library
|d Evans: Library Stacks
|t 0
|e PG6 .S64
|h Library of Congress classification
|i unmediated -- volume
|k no.5
|l 1959
|m A14830819842
|
| 952 |
f |
f |
|p normal
|a Texas A&M University
|b College Station
|c Sterling C. Evans Library
|d Evans: Library Stacks
|t 0
|e PG6 .S64
|h Library of Congress classification
|i unmediated -- volume
|k 15
|l 1996
|m A14827196243
|
| 998 |
f |
f |
|a PG6 .S64
|s 5,11-13,15 (1959,1989-1990,1996)
|t 0
|l Evans: Library Stacks
|
| 998 |
f |
f |
|a PG6 .S64
|s 15 (1996)
|t 0
|l Evans: Library Stacks
|